Find the Countries of Oceania Quiz Stats

 Plays Quiz Updated Jul 13, 2016

Challenge
Share
Tweet
Score 0/14 Timer 05:00
0 Plays Today
% Correct
Australia
96.1%
New Zealand
93.7%
Papua New Guinea
90.9%
Micronesia
79.4%
Fiji
75.5%
Solomon Islands
71.5%
Palau
70.9%
% Correct
Marshall Islands
69.6%
Kiribati
69.5%
Nauru
69.3%
Tonga
67.6%
Samoa
67.5%
Vanuatu
65.2%
Tuvalu
62.8%

You're not logged in!

Compare scores with friends on all Sporcle quizzes.
OR
Log In

You Might Also Like...

Show Comments

Extras

Top Quizzes Today


Score Distribution

Your Account Isn't Verified!

In order to create a playlist on Sporcle, you need to verify the email address you used during registration. Go to your Sporcle Settings to finish the process.

Report this User

Report this user for behavior that violates our Community Guidelines.

Details: